The romance of England's forests / (Record no. 13836)
[ view plain ]
| 000 -LEADER | |
|---|---|
| fixed length control field | 00687nam a22002172 4500 |
| 001 - CONTROL NUMBER | |
| control field | 13836 |
| 003 - CONTROL NUMBER IDENTIFIER | |
| rucl marc code | BD-RjUL |
| 005 - DATE AND TIME OF LATEST TRANSACTION | |
| control field | 20211208235524.0 |
| 008 - FIXED-LENGTH DATA ELEMENTS--GENERAL INFORMATION | |
| fixed length control field | 140202s1942uuuuenkbf 000 0 eng d |
| 035 ## - SYSTEM CONTROL NUMBER | |
| System control number | (BD-RjUL)13888 |
| 040 ## - CATALOGING SOURCE | |
| Original cataloging agency | ABC |
| Transcribing agency | ABC |
| Modifying agency | EQO |
| Language of cataloging | eng |
| 041 ## - LANGUAGE CODE | |
| Language code of text/sound track or separate title | eng |
| 082 ## - DEWEY DECIMAL CLASSIFICATION NUMBER | |
| Classification number | 634.9 |
| Author mark and year | DOR |
| 090 ## - LOCALLY ASSIGNED LC-TYPE CALL NUMBER (OCLC); LOCAL CALL NUMBER (OCLC) | |
| Classification number (OCLC) (R) ; Classification number, CALL (RLIN) (NR) | SD179 |
| Local cutter number (OCLC) ; Book number/undivided call number, CALL (RLIN) | .D6 1942a |
| 100 1# - MAIN ENTRY--PERSONAL NAME | |
| Personal name | Dowsett, J. Morewood |
| Fuller form of name | (Joseph Morewood), |
| Dates associated with a name | 1864- |
| 9 (RLIN) | 43263 |
| 245 14 - TITLE STATEMENT | |
| Title | The romance of England's forests / |
| Statement of responsibility, etc. | by J. Morewood Dowsett. |
| 260 ## - PUBLICATION, DISTRIBUTION, ETC. (IMPRINT) | |
| Place of publication, distribution, etc. | London : |
| Name of publisher, distributor, etc. | Scientific Book Club, |
| Date of publication, distribution, etc. | 1942. |
| 300 ## - PHYSICAL DESCRIPTION | |
| Pagination | 304 p., [5] leaves of plates : |
| Illustrations | ill. (some col.), map ; |
| Size | 21 cm. |
| 650 #0 - SUBJECT ADDED ENTRY--TOPICAL TERM | |
| Topical term or geographic name as entry element | Forests and forestry |
| Geographic subdivision | Great Britain. |
| 9 (RLIN) | 43264 |
| 942 ## - ADDED ENTRY ELEMENTS (KOHA) | |
| Source of classification or shelving scheme | Dewey Decimal Classification |
| Koha item type | Books |
| Lost status | Source of classification or shelving scheme | Damaged status | Not for loan | Collection code | Permanent Location | Current Location | Shelving location | Date acquired | Source of acquisition | Cost, normal purchase price | Total Checkouts | Full call number | Date last seen | Copy number | Koha item type |
|---|---|---|---|---|---|---|---|---|---|---|---|---|---|---|---|
| Dewey Decimal Classification | Not For Loan | Non-fiction | Central Library, University of Rajshahi | Central Library, University of Rajshahi | Reading Room | 14/05/1976 | U.S GOVT Gift | 0.00 | 634.9 DOR 1942 | 02/02/2014 | C-1 | Books |